000 00693nam a2200265Ia 4500
003 OSt
005 20221006150542.0
006 a|||||r|||| 00| 0
007 ta
008 221006b |||||||| |||| 00| 0 jpn d
020 _c¥2600
024 _a19,021
037 _bGift, Japan Foundation
_cTextual
040 _aEASL
_cEASL
_bjpn
041 _2jpn
_ajpn
082 _aR842, M3
100 _aHINO Tatsuo Ed.
_9656981
245 0 _aMotoori norinaga shu
260 _aTokyo
_bShincho Sha Japan
_c1983
300 _a560p.
_ccm.
490 _v JL
650 _aJL
942 _hR842, M3
_cTEXL
_2CC
999 _c1087107
_d1087107